Laboratory Manual of Physical Pharmacy (Record no. 6318)

MARC details
000 -LEADER
fixed length control field 00536nam a22002057a 4500
003 - CONTROL NUMBER IDENTIFIER
control field OSt
005 - DATE AND TIME OF LATEST TRANSACTION
control field 20190917170330.0
008 - FIXED-LENGTH DATA ELEMENTS--GENERAL INFORMATION
fixed length control field 190917b ||||| |||| 00| 0 eng d
020 ## - INTERNATIONAL STANDARD BOOK NUMBER
International Standard Book Number 8126143649
020 ## - INTERNATIONAL STANDARD BOOK NUMBER
International Standard Book Number 9788126142583
040 ## - CATALOGING SOURCE
Transcribing agency DNLM
082 ## - DEWEY DECIMAL CLASSIFICATION NUMBER
Classification number QV25 G93l 2010
100 ## - MAIN ENTRY--PERSONAL NAME
Personal name Gupta, Rakesh
9 (RLIN) 12939
245 ## - TITLE STATEMENT
Title Laboratory Manual of Physical Pharmacy
260 ## - PUBLICATION, DISTRIBUTION, ETC. (IMPRINT)
Place of publication, distribution, etc. New Delhi;
Name of publisher, distributor, etc. ANMOL,
Date of publication, distribution, etc. 2010
300 ## - PHYSICAL DESCRIPTION
Extent 296p;
Other physical details ill:
Dimensions 22cm
505 ## - FORMATTED CONTENTS NOTE
Formatted contents note Index included
650 ## - SUBJECT ADDED ENTRY--TOPICAL TERM
Topical term or geographic name as entry element Laboratory manual pharmacy
9 (RLIN) 12940
942 ## - ADDED ENTRY ELEMENTS (KOHA)
Source of classification or shelving scheme Other/Generic Classification Scheme
Koha item type Book Bank
Holdings
Withdrawn status Lost status Source of classification or shelving scheme Damaged status Not for loan Home library Current library Date acquired Source of acquisition Inventory number Total Checkouts Full call number Barcode Date last seen Koha item type
    Other/Generic Classification Scheme     MUST Main Library MUST Main Library 17/09/2019 Purchase 19/40723   QV25 G93l 2010 2019-0440 17/09/2019 Open Shelf
    Other/Generic Classification Scheme     MUST Main Library MUST Main Library 17/09/2019 Purchase 19/40724   QV25 G93l 2010 2019-0441 17/09/2019 Open Shelf